O dvoch výstavách

Bibliographic Details
Main Author: Minárik, Marián (Author)
Format: Article
Language:Slovak
PhysicalDescription:Obr. 5.
Subjects:

MARC

LEADER 00000nab a2200000 a 4500
001 vtls000096502
003 SK-MaSNL
005 20260303220543.0
008 111104c1981 xo 0 slo
015 |a SNBRB19rr/mm-uuuuu 
035 |a CL0106605 
040 |a SNKBUCL  |b slo  |c SNKBUCL  |e AACR2 
041 0 |a slo 
044 |a xo  |c SK 
080 |a 75  |2 1981 
080 |a 76  |2 1981 
080 |a 738  |2 1981 
100 1 |a Minárik, Marián  |4 aut  |9 6567 
245 1 0 |a O dvoch výstavách  |c Marián Minárik 
300 |b Obr. 5. 
600 1 7 |a Brunovský, Albín,  |d 1935-1997  |2 snkbucl  |9 194164 
600 1 7 |a Holešovský, Ilja,  |d 1941-  |2 snkbucl  |9 38664 
610 2 7 |a Oblastná galéria M.A. Bazovského (Trenčín, Slovensko)  |2 snkbucl  |9 592580 
648 7 |a 1981  |2 snkbucl  |9 279160 
650 0 7 |a maliarstvo  |2 snkbucl  |9 812 
650 0 7 |a grafika  |2 snkbucl  |9 814 
651 7 |a Trenčín (Slovensko)  |2 snkbucl  |9 159956 
655 7 |a články z novín a časopisov  |2 snkbucl  |9 267496 
773 0 |t Výtvarníctvo fotografia film  |g Roč. 19, č. 8 (1981), s. 174-177 
850 |a Slovenská národná knižnica v Martine  |a MTA001 
852 |a SNK  |b KIS3GCP 
958 |a RK 
992 |a RBX 
999 |c 2227710  |d 2229640